<?xml version="1.0" encoding="UTF-8"?>
<marc:record xmlns:marc="http://www.loc.gov/MARC21/slim">
   <marc:leader>00000nam a2200000 a 4500</marc:leader>
   <marc:datafield ind1=" " ind2=" " tag="653">
      <marc:subfield code="a">Cassette</marc:subfield>
   </marc:datafield>
   <marc:datafield ind1=" " ind2=" " tag="653">
      <marc:subfield code="a">Jugendbuch / Erstlesealter</marc:subfield>
   </marc:datafield>
   <marc:datafield ind1=" " ind2=" " tag="653">
      <marc:subfield code="a">Vorschulalter</marc:subfield>
   </marc:datafield>
   <marc:datafield ind1=" " ind2=" " tag="653">
      <marc:subfield code="a">CD</marc:subfield>
   </marc:datafield>
   <marc:datafield ind1="0" ind2="0" tag="245">
      <marc:subfield code="a">Tiger, Bär und Antje</marc:subfield>
   </marc:datafield>
   <marc:datafield ind1="0" ind2="0" tag="245">
      <marc:subfield code="c">nach einer Idee von Janosch. Hörbuchbearb.: Rainer Gussek. Erzähler: Ulrich von Bock und Polach ; Antje: Andrea Imme ; Schlüter: Ulrich Frank ... Autoren: Christoph Sattler und Kidscripts. Regie: Christian Weygand. NDR</marc:subfield>
   </marc:datafield>
   <marc:datafield ind1=" " ind2="1" tag="264">
      <marc:subfield code="a">Hamburg</marc:subfield>
      <marc:subfield code="b">Audiolino</marc:subfield>
      <marc:subfield code="c">2005</marc:subfield>
   </marc:datafield>
   <marc:datafield ind1="1" ind2=" " tag="520">
      <marc:subfield code="a">Angaben aus der Verlagsmeldung

Tiger, Bär und Antje: Von Panama zum Mond - Teil 1 / von Janosch

Antje, Tiger, Bär und Fisch Schlüter wohnen gemeinsam
in einem Haus in Panama. Doch in ihrer
Fantasie und mit Hilfe der Geschichten von Opa
Puschkin erleben sie die ungewöhnlichsten
Abenteuer überall auf der Erdkugel und sogar
im Weltraum. Bei den Maja entdecken sie die
ungewöhnlichste Kakaobohne der Welt, bei den
Indianern landet der kleine Bär am Marterpfahl
und wird natürlich gerettet, es öffnet sich für sie
das Tor zum Märchenland und mit Hilfe einer
selbst gebauten Rakete geht es sogar auf den
Mond. Vier Geschichten über Freundschaft, Mut
und Entdeckergeist. Fantastische Abenteuer für
die Ohren!
</marc:subfield>
   </marc:datafield>
   <marc:datafield ind1=" " ind2=" " tag="020">
      <marc:subfield code="a">9783938482131</marc:subfield>
      <marc:subfield code="9">9783938482131</marc:subfield>
   </marc:datafield>
   <marc:datafield ind1=" " ind2=" " tag="020">
      <marc:subfield code="a">3938482133</marc:subfield>
      <marc:subfield code="9">3938482133</marc:subfield>
   </marc:datafield>
   <marc:datafield ind1=" " ind2=" " tag="041">
      <marc:subfield code="a">ger</marc:subfield>
   </marc:datafield>
   <marc:datafield ind1=" " ind2=" " tag="300">
      <marc:subfield code="a">1 CD</marc:subfield>
   </marc:datafield>
</marc:record>
